Обоснование топливной композиции крестообразных ТВЭЛов для легководных реакторов; Научная инициатива иностранных студентов и аспирантов российских вузов

Detalles Bibliográficos
Parent link:Научная инициатива иностранных студентов и аспирантов российских вузов.— 2020.— [С. 256-260]
Autor Principal: Элзаят Трек Тауфик Хассан
Autor Corporativo: Национальный исследовательский Томский политехнический университет Школа базовой инженерной подготовки Отделение социально-гуманитарных наук
Outros autores: Лойко О. Т. Ольга Тимофеевна (научный руководитель)
Summary:Заглавие с экрана
Idioma:ruso
Publicado: 2020
Series:Актуальные проблемы естественных наук
Subjects:
Acceso en liña:http://earchive.tpu.ru/handle/11683/63698
Formato: MixedMaterials Electrónico Capítulo de libro
KOHA link:https://koha.lib.tpu.ru/cgi-bin/koha/opac-detail.pl?biblionumber=632160

MARC

LEADER 00000naa2a2200000 4500
001 632160
005 20231101133710.0
035 |a (RuTPU)RU\TPU\conf\33861 
035 |a RU\TPU\conf\33854 
090 |a 632160 
100 |a 20201015d2020 k y0rusy50 ca 
101 0 |a rus 
102 |a RU 
105 |a y z 101zy 
135 |a drcn ---uucaa 
181 0 |a i  
182 0 |a b 
200 1 |a Обоснование топливной композиции крестообразных ТВЭЛов для легководных реакторов  |f Элзаят Трек Тауфик Хассан  |g науч. рук. О. Т. Лойко 
203 |a Текст  |c электронный 
225 1 |a Актуальные проблемы естественных наук 
230 |a 1 компьютерный файл (pdf; 722 Kb) 
300 |a Заглавие с экрана 
320 |a [Библиогр.: с. 260 (5 назв.)] 
463 0 |0 (RuTPU)RU\TPU\conf\33820  |t Научная инициатива иностранных студентов и аспирантов российских вузов  |o сборник докладов X Всероссийской научно-практической конференции, Томск, 22-24 апреля 2020 г.  |f Национальный исследовательский Томский политехнический университет (ТПУ)  |v [С. 256-260]  |d 2020 
610 1 |a электронный ресурс 
610 1 |a труды учёных ТПУ 
610 1 |a топливные композиции 
610 1 |a ТВЭЛы 
610 1 |a легководные реакторы 
610 1 |a ядерные реакторы 
610 1 |a топливные элементы 
610 1 |a ядерная безопасность 
610 1 |a уран-плутониевое топливо 
700 0 |a Элзаят Трек Тауфик Хассан 
702 1 |a Лойко  |b О. Т.  |c специалист в области культурологии и социальной коммуникации  |c профессор Томского политехнического университета, доктор философских наук  |f 1949-  |g Ольга Тимофеевна  |2 stltpush  |4 727 
712 0 2 |a Национальный исследовательский Томский политехнический университет  |b Школа базовой инженерной подготовки  |b Отделение социально-гуманитарных наук  |h 8033  |2 stltpush  |3 (RuTPU)RU\TPU\col\23512 
801 2 |a RU  |b 63413507  |c 20201125  |g RCR 
856 4 |u http://earchive.tpu.ru/handle/11683/63698 
942 |c BK